• 首页
  • 本馆介绍
  • 公告通知
  • 最新文献
  • 馆藏检索
  • 电子资源
  • 读者导购
  • 参考咨询
  • 我的图书馆
  • 登录
  • 期刊详细显示
  • 现刊情况显示
  • 合订本情况显示
  • 篇目信息显示

期刊信息

  • 表格格式
  • 工作单格式
  • 卡片格式
索取号 
O13/AIM
题名 
Advances in Mathematics
作者 
分册号 
分册名 
出版地 
出版者 
标准刊号 
出版频率 
月刊
中图法分类 
O13
主题词 
高等数学
电子资源 
000 00326nas0 2200145 45
001 0737700474
005 20131118103916.37
100    @a20070415d km y0chiy0120 ea
101 0  @aeng
200 1  @aAdvances in Mathematics
326    @a月刊
606 0  @a高等数学
690    @aO13@v4
801  0 @aCN@bPFT@c20070415
905    @aTJWY@dO13@eAIM
    
    Advances in Mathematics
    
    
    
    
    
●
相关链接: 在易读查询期刊 在中国知网中查询期刊 在万方数据查询期刊 在维普查询期刊
唐山师范学院图书馆 欢迎您!
大连网信软件有限公司© 版权所有